| 000 | 00654nam a2200253Ia 4500 | ||
|---|---|---|---|
| 003 | OSt | ||
| 005 | 20221007110854.0 | ||
| 006 | a|||||r|||| 00| 0 | ||
| 007 | ta | ||
| 008 | 221006b |||||||| |||| 00| 0 eng d | ||
| 020 | _a0856648892 | ||
| 024 | _a22,041 | ||
| 037 | _cTextual | ||
| 040 |
_aLCO _cLCO _beng |
||
| 041 |
_2eng _aeng |
||
| 082 | _aX8(A):95.1, M0 | ||
| 100 | _aJoyce James Avery | ||
| 245 | 0 | _aWorld Labour Rights and their Protection | |
| 260 |
_aLondon _bCroom Helm U.K. _c1980 |
||
| 300 | _a190 | ||
| 650 | _aLABOUR | ||
| 942 |
_hX8(A):95.1, M0 _cTEXL |
||
| 999 |
_c1191604 _d1191604 |
||